LEADER 01389nam a2200277 i 4500 001 000000172393 003 CaOOAMICUS 005 20080610000000.0 008 080610s1996 it u000 u ita u 013 $a149835 040 $aSeMil$bita 100 1 $aIstituto regionale di ricerca della Lombardia.$0(OLS)http://semarc/name/3712 245 13$aIl sistema comunicazione :$bindustrie e mercati /$cIReR ; presentazione di Giuseppe Gario ; a cura di Carlo Antonio Ricciardi ; con saggi di Anna Maria Bagnasco ... [et al.]. 260 $aMilano :$bFranco Angeli,$ccopyr. 1996. 300 $a328 p. :$btabelle e grafici ;$c22 cm. 650 4$aComunicazioni - Italia.$0(OLS)http://semarc/subject/32811 650 4$aComunicazione e industria.$0(OLS)http://semarc/subject/32812 650 4$aComunicazione e mercato.$0(OLS)http://semarc/subject/32813 700 1 $aBagnasco, Anna Maria.$0(OLS)http://semarc/name/64445 700 1 $aRicciardi, Carlo Antonio.$0(OLS)http://semarc/name/64444 700 1 $aGario, Giuseppe.$0(OLS)http://semarc/name/47127 850 $aSeMil 852 $aSeMil$W1$xVenegono$y1$m3M V 173$j123255$B123255$CSeMilBibl$Z2$F135211 $81 961 $aOmaggio: Biblioteca Ambrosiana 996 $6245$aIl sistema comunicazione :$bindustrie e mercati$9(OLS)http://semarc/title/246845 996 $6260$aMilano :$bFranco Angeli$9(OLS)http://semarc/publisher/30369 LEADER 00583nam a2200169 i 4500 001 000000062313 003 CaOOAMICUS 005 20130415000000.0 008 130415s1878 it u000 u ita u 013 $a33485 040 $aSeMil$bita 245 10$aVol. 1. 300 $aVII, 467 p. 773 0 $aCalza, Giuseppe$tEsposizione ragionata della filosofia di Antonio Rosmini.$dIntra : Stab. tip. Bertolotti, 1878-1879.$g1$w()28390 850 $aSeMil 852 $aSeMil$W1$xVenegono$y1$m2L IV 33 FA$j28466$B28466$CSeMilBibl$Z2$F28469 $8I 996 $6245$aVol. 1$9(OLS)http://semarc/title/13429 LEADER 01209nam a2200277 i 4500 001 000000052549 003 CaOOAMICUS 005 20260407122958.0 008 080612s1940 it u000 u ita u 013 $a23721 040 $aSeMil$bita 100 1 $aSteinbeck, John,$d<1902-1968>.$0(OLS)http://semarc/name/15451 240 14$aThe pastures of heaven.$0(OLS)http://semarc/title/80655 245 13$aLe opere :$bI pascoli del cielo ; Uomini e topi ; Furore /$cJohn Steinbeck. 264 1$aMilano :$bClub degli editori,$c1940. 300 $aXLVI, 785 p., [1] p. di ritratto ;$c19 cm. 490 1 $aCollezione Premi-Nobel 730 42$aThe grapes of wrath.$0(OLS)http://semarc/title/88257 730 02$aOf mice and men.$0(OLS)http://semarc/title/214717 830 0$aCollezione Premi-Nobel.$0(OLS)http://semarc/title/25872 850 $aSeMil 852 $aSeMil$W1$xVenegono$y1$m1W I 290$j18703$B18703$CSeMilBibl$Z2$F18705 $81 961 $aOmaggio: Agenzia internazionale 996 $6245$aLe opere :$bI pascoli del cielo ; Uomini e topi ; Furore$9(OLS)http://semarc/title/80654 996 $6264$aMilano :$bClub degli editori$9(OLS)http://semarc/publisher/33332